Пределы (Запись № 56029)

Подробности
000 -МАРКЕР
контрольное поле 01740nam0a2200301 4500
001 - ИДЕНТИФИКАТОР ЗАПИСИ
контрольное поле RU\NLR\bibl\1515578
005 - ИДЕНТИФИКАТОР ВЕРСИИ
контрольное поле 20260408193641.0
021 ## - НОМЕР ГОСУДАРСТВЕННОЙ РЕГИСТРАЦИИ
Код страны Российская Федерация
Номер 2010-29162
Номер Листа государственной регистраци 1960
035 ## - ДРУГИЕ СИСТЕМНЫЕ НОМЕРА
Идентификатор записи (NLR Aleph) 001506957
100 ## - ДАННЫЕ ОБЩЕЙ ОБРАБОТКИ
Данные общей обработки 20100526d2010 u y0rusy50 ca
101 0# - ЯЗЫК РЕСУРСА
Язык текста, звукозаписи и т.д. русский
102 ## - СТРАНА ПУБЛИКАЦИИ ИЛИ ПРОИЗВОДСТВА
Страна публикации Российская Федерация
105 ## - ПОЛЕ КОДИРОВАННЫХ ДАННЫХ: ТЕКСТОВЫЕ МАТЕРИАЛЫ, МОНОГРАФИЧЕСКИЕ
Кодированные данные о монографическом текстовом документе a |||||||||
200 1# - ЗАГЛАВИЕ И СВЕДЕНИЯ ОБ ОТВЕТСТВЕННОСТИ
Основное заглавие Пределы
Сведения, относящиеся к заглавию учебно-методическое пособие для студентов очной, заочной и дистанционной форм обучения всех специальностей
Первые сведения об ответственности Федер. агентство по образованию, Гос. образоват. учреждение высш. проф. образования "Юж.-Рос. гос. ун-т экономики и сервиса" (ГОУ ВПО "ЮРГУЭС"
Последующие сведения об ответственности [сост.: к. ф.-м. н., доц. А.Б. Михайлов и др.]
210 ## - ПУБЛИКАЦИЯ, РАСПРОСТРАНЕНИЕ И ДР.
Место издания, распространения и т.д. Шахты
Имя издателя, распространителя и т. д. ГОУ ВПО "ЮРГУЭС"
Дата издания, распространения и т.д. 2010
215 ## - ФИЗИЧЕСКАЯ ХАРАКТЕРИСТИКА
Специфическое обозначение материала и объем 28 с.
Другие сведения о физической характеристике граф.
Размеры 21
320 ## - ПРИМЕЧАНИЯ О НАЛИЧИИ В ДОКУМЕНТЕ БИБЛИОГРАФИИ / УКАЗАТЕЛЯ
Текст примечания Библиогр.: с. 28 (9 назв.)
606 ## - НАИМЕНОВАНИЕ ТЕМЫ КАК ПРЕДМЕТ
Наименование темы Пределы (мат.)
Формальный подзаголовок Учебно-методические пособия для высших учебных заведений
Идентификатор авторитетной/нормативной записи RU\NLR\auth\661337928
Системный номер авторитетной/нормативной записи 2228931
686 ## - ИНДЕКСЫ ДРУГИХ КЛАССИФИКАЦИЙ
Индекс В161.12я73-1
702 #1 - ИМЯ ЛИЦА - ВТОРИЧНАЯ ОТВЕТСТВЕННОСТЬ
Код отношения Составитель
Материалы, к которым относится поле rus
Графика поля Кириллица
Начальный элемент ввода Михайлов
Часть имени, кроме начального элемента ввода А. Б.
Дополнения к именам, кроме дат канд. физ.-мат. наук
Расширение инициалов личного имени Андрей Борисович
Идентификатор авторитетной/нормативной записи RU\NLR\auth\7738280
Системный номер авторитетной/нормативной записи 21264
712 02 - НАИМЕНОВАНИЕ ОРГАНИЗАЦИИ - ВТОРИЧНАЯ ОТВЕТСТВЕННОСТЬ
Код отношения Прочие
Начальный элемент ввода Южно-Российский государственный университет экономики и сервиса
Идентифицирующий признак Шахты
Идентификатор авторитетной/нормативной записи RU\NLR\AUTH\889918691
Системный номер авторитетной/нормативной записи 333515
801 #0 - ИСТОЧНИК ЗАПИСИ
Страна Российская Федерация
Организация NLR
Дата составления 20100526
Правила каталогизации RCR
801 #1 - ИСТОЧНИК ЗАПИСИ
Страна Российская Федерация
Организация NLR
Дата составления 20100526
942 ## - ДОПОЛНИТЕЛЬНЫЕ ЭЛЕМЕНТЫ ЗАПИСИ (АБИС)
Тип экземпляра АБИС Книга
980 ## - КОЛЛЕКЦИЯ
Название коллекции Национальная библиография
980 ## - КОЛЛЕКЦИЯ
Название коллекции НБР
Экземпляры
Тип экземпляра Дата поступления Источник поступления Библиотека постоянного хранения Библиотека текущего хранения Место хранения Шифр хранения Штрих-код Статус экземпляра
Книга 26.05.2010 Обязательный экземпляр РНБ (Московский) РНБ (Московский) Русский книжный фонд: издания с 1957 года 2010-4/7772 3180562  
Книга 26.05.2010 Обязательный экземпляр РНБ (Московский) РНБ (Московский) Русский книжный фонд: издания с 1957 года 2010-4/7772 3180563